000 01124nam a2200277 i 4500
001 197037
003 ES-MaACL
005 20250812063138.0
008 250317b2025 sp ||||| |||| 00| 0 spa d
040 _bspa
_cES-MaACL
100 1 _aVarillas, Benigno
_9239849
_eaut
245 1 _aMagdalenia I :
_bLos últimos de la estirpe de los libres /
_cBenigno Varillas.
250 _aPrimera edición: Conmemorativa del centenario del nacimiento del Doctor Félix Rodríguez de la Fuente
260 _aMadrid :
_bWild-Europe,
_c2025.
300 _a295 páginas ;
_c21 cm
336 _2rdacontent
_atexto
337 _2rdamedia
_asin mediación
338 _2rdacarrier
_avolumen
600 1 7 _2embne
_998450
_aRodríguez de la Fuente, Félix,
_d1928-1980
655 0 _9234319
_aNovelas
852 _aES-MaACL
_cDEPOJ
_jN-10402
_xEncuadernación rústica con solapas
_9206524
_hDonación: Editorial
942 _cMONOGRAFIA
_n0
999 _c197037
_d197037